UML toolkit
Αποθηκεύτηκε σε:
| Κύριος συγγραφέας: | |
|---|---|
| Άλλοι συγγραφείς: | |
| Μορφή: | Βιβλίο |
| Γλώσσα: | English |
| Δημοσίευση: |
New York ; Chichester :
John Wiley & Sons,
c1998
|
| Θέματα: | |
| Ετικέτες: |
Προσθήκη ετικέτας
Δεν υπάρχουν, Καταχωρήστε ετικέτα πρώτοι!
|
MARC
| LEADER | 00000nam a2200000 i 4500 | ||
|---|---|---|---|
| 001 | 1/93851 | ||
| 008 | 991124s1998 eng d | ||
| 020 | |a 0471191612 | ||
| 035 | |l 10054567 | ||
| 040 | |a GR-MY-UA |b gre |e aacr | ||
| 041 | 0 | |a eng | |
| 082 | 0 | |a 005.117 | |
| 100 | 1 | |a Eriksson, Hans-Erik |d 1961- | |
| 245 | 1 | 0 | |a UML toolkit / |c Hans-Erik Eriksson, Magnus Penker |
| 260 | |a New York ; Chichester : |b John Wiley & Sons, |c c1998 | ||
| 300 | |a xvii, 397 p.; |c 24 cm.+ |e 1 computer laser optical disc (4 3/4 in.) | ||
| 504 | |a Includes bibliographical references and index | ||
| 650 | 0 | 0 | |a Object-oriented methods (Computer science) |
| 650 | 0 | 0 | |a Computer software |x Development. |
| 650 | 0 | 0 | |a UML (Computer science) |
| 700 | 0 | |a Penker, Magnus. | |
| 852 | |a INST |b SAMOS |e 19991124 |h 005.117 ERI |p 005300016600 |q 005300016600 |t BK |y 0 | ||
| 852 | |a INST |b SAMOS |e 19991124 |h 005.117 ERI |p 005300016601 |q 005300016601 |t BK |y 0 | ||
| 901 | |a BIBL3-1999-3 | ||
| 909 | |a Σ |b 069823 | ||
| 909 | |a Σ |b 069825 | ||
| 922 | |a 3ΕΛΗ |b 199911 |c ΤΠΕΣ |d ΠΑΠΑΣΩΤΗΡΙΟΥ | ||
| 970 | |a ΓΕΝΟΥΖΟΥ |b ΧΡΥΣΑΝΘΗ |z 1999/11/24 | ||